00637cam a22002171 4500001001300000003000400013005001700017008004100034010001700075035002000092040001800112050001900130100005500149245005100204260001000255300003700265500001400302600003500316650005100351999001700402sa 68003253 DLC20260227112451.0890706s1962 ii c 000 0 tamo  asa 68003253  a(OCoLC)19974930 aDLCcWaUdDLC00aPL4759.T63bN31 aNāyuṭu, A. Ki.q(A. Kiruṣṇacāmi),d1888-10aTolkāppiyar kaṇṭa Tamil̲ar camutāyam. c1962. a14, 4, 539, 5 p.bports.c21 cm. aIn Tamil.00aTolkāppiyar.tTolkāppiyam. 0aTamil (Indic people)xSocial life and customs. c79340d79340